000 00629nam a22002177a 4500
003 UA-OsUOA
001 134381
007 ta
008 20181203b un ||||| |||| 00| 0 ukr d
100 _aГрабовський В.
090 _a94(477)
_bГ75
942 _cSA
040 _aUA-OsUOA
_bukr
_cUA-OsUOA
_dUA-OsUOA
245 _aБахти Гірей: один проти двох імперій
300 _aС.54-58
955 _a0
041 _aukr
080 _a94(477)
773 0 _w134379
_tУкраїнський тиждень
_dК.
_d2018
_g47
650 7 _a9 Географія. Біографії. Історія
_2UDC
999 _c423498
_d423498